Online
Catalog

Niña de cristal ; Golpes de paz / (Record no. 10075)

MARC details
000 -CABECERA
campo de control de longitud fija 00891nam a2200241 a 4500
001 - NÚMERO DE CONTROL
campo de control 000010316
005 - FECHA Y HORA DE LA ÚLTIMA TRANSACCIÓN
campo de control 20240412074217.0
008 - DATOS DE LONGITUD FIJA--INFORMACIÓN GENERAL
campo de control de longitud fija 091006s2001 dr r 000 p spa d
040 ## - FUENTE DE LA CATALOGACIÓN
Centro catalogador/agencia de origen DO-SdBNP
Lengua de catalogación spa
Centro/agencia transcriptor BNPHU
082 ## - NÚMERO DE LA CLASIFICACIÓN DECIMAL DEWEY
Número de clasificación RD861.44
Número de documento/Ítem F897n
100 1# - ENTRADA PRINCIPAL--NOMBRE DE PERSONA
Nombre de persona Frías Jiménez, Milcíades
9 (RLIN) 25332
245 10 - MENCIÓN DE TÍTULO
Título Niña de cristal ; Golpes de paz /
Mención de responsabilidad, etc. Milcíades Frías Jiménez; prólogo Bruno Rosario Candelier.
246 13 - FORMA VARIANTE DE TÍTULO
Título propio/Titulo breve Golpes de paz
260 ## - PUBLICACIÓN, DISTRIBUCIÓN, ETC.
Lugar de publicación, distribución, etc. Moca, República Dominicana :
Nombre del editor, distribuidor, etc. Prismarte,
Fecha de publicación, distribución, etc. 2001.
300 ## - DESCRIPCIÓN FÍSICA
Extensión 98 , 76 p. ;
Dimensiones 21 cm.
501 ## - NOTA DE "CON"
Nota de “Con” Encuadernado con: Golpes de paz
563 ## - NOTA DE ENCUADERNACIÓN
Nota de encuadernación Dos obras con paginación independiente en encuadernación invertida.
590 ## - NOTA LOCAL (RLIN)
Nota local Inventariado, 2018/BT
650 #0 - PUNTO DE ACCESO ADICIONAL DE MATERIA--TÉRMINO DE MATERIA
Término de materia o nombre geográfico como elemento de entrada Poesía dominicana
9 (RLIN) 66
650 #0 - PUNTO DE ACCESO ADICIONAL DE MATERIA--TÉRMINO DE MATERIA
Término de materia o nombre geográfico como elemento de entrada Literatura dominicana.
9 (RLIN) 67
700 12 - PUNTO DE ACCESO ADICIONAL--NOMBRE DE PERSONA
Nombre de persona Rosario Candelier, Bruno,
Fechas asociadas al nombre 1941-
Término indicativo de función/relación pról.
9 (RLIN) 851
910 ## - DATOS DE OPCIÓN DEL USUARIO (OCLC)
Datos de opción del usuario Validado. Control de calidad. MFF
Holdings
Estado de retiro Estado de pérdida Restricciones de uso No para préstamo Código de colección Localización permanente Ubicación/localización actual Ubicación en estantería Fecha de adquisición Número de inventario Total de préstamos Signatura topográfica completa Código de barras Fecha visto por última vez Número de copia Precio válido a partir de Tipo de ítem Koha
        Dominicana de Servicio General General Depósito 06.10.2009 LF1   RD861.44 F897n 10316-30 25.06.2020 e. 3 25.06.2020 Libro y Folleto Colección Dominicana de Servicio
      Excluido de préstamo Patrimonio Dominicano Patrimonio Dominicano Patrimonio Dominicano Depósito 06.10.2009 LF1   RD861.44 F897n 10316-10 25.06.2020   25.06.2020 Libro y Folleto Colección Patrimonio Dominicano
      Excluido de préstamo Patrimonio Dominicano Patrimonio Dominicano Patrimonio Dominicano Depósito 06.10.2009 LF1   RD861.44 F897n 10316-20 25.06.2020 e. 2 25.06.2020 Libro y Folleto Colección Patrimonio Dominicano

Powered by Koha